Preamble - Statistics

General Stats
  • This quiz has been taken 131 times
  • The average score is 39 of 52
Answer Stats
Hint Answer % Correct
t the
100%
w we
100%
o of
97%
p people
97%
t the
97%
i in
94%
s states
94%
u united
94%
a a
91%
t to
89%
o order
86%
f form
83%
m more
83%
p perfect
83%
e establish
80%
u union
80%
c common
74%
t the
74%
a america
71%
a and
71%
a and
71%
d defense
71%
f for
71%
g general
71%
j justice
71%
o of
71%
p provide
71%
t the
71%
t tranquility
71%
w welfare
71%
a and
69%
b blessings
69%
d do
69%
d domestic
69%
i insure
69%
l liberty
69%
o of
69%
o ordain
69%
o our
69%
o ourselves
69%
p promote
69%
s secure
69%
s states
69%
t the
69%
t to
69%
u united
69%
c constitution
66%
e establish
66%
f for
66%
p posterity
66%
t the
66%
t this
66%
No matching quizzes found
Score Distribution
Percent of People with Each Score
Percentile by Number Answered
Your Score History
You have not taken this quiz